000 01979cam a22001934a 4500
005 20250605164331.0
008 250528s ||||||||||||||||||||||||d
035 _a23249
020 _a9789603516897
040 _aGR-AtMCL
_bgre
_dGR-AtMCL
_eAACR2
245 1 _aΟικονομική και Πολιτική των Λιμένων / Ανταγωνισμός και Ανταγωνιστικότητα στη Σύγχρονη Λιμενική Βιομηχανία
260 _bΣταμούλης Α,
_c2007
300 _a496
520 _aΣτο παρόν βιβλίο εξετάζεται το πώς η Λιμενική επιχείρηση και Λιμενική αρχή μπορεί να επιτύχει ανταγωνιστικό πλεονέκτημα για να μπορέσει να ανταγωνιστεί τις άλλες επιχειρήσεις σε μια αγορά. Εισαγωγή, Η Λιμενική Επιχείρηση, Η Ζήτηση του Λιμενικού Προϊόντος, Η Πρόβλεψη της Ζήτησης του Λιμενικού Προϊόντος, Η Προσφορά του Λιμενικού Προϊόντος, Πλεονασματική Ζήτηση και Πλεονασματική Προσφορά, Η Λιμενική Παραγωγή, Τεχνολογική Πρόοδος και Καινοτομίας στα Λιμάνια, Μέτρηση της Παραγωγικότητας στα Τερματικά που Διαχειρίζονται Εμπορευματοκιβώτια, Το Κόστος Παραγωγής του Λιμενικού Προϊόντος, Το Κόστος της Ποιότητας στα Λιμάνια, Η Τιμολογιακή Πολιτική των Λιμανιών, Ανταγωνισμός και Ανταγωνιστικότητα στη Λιμενική Βιομηχανία.
700 1 _aΠαρδάλη Αγγελική
_98696
942 _cBK
999 _c8278
_d8278